Catálogo
 En Linea

Todos los caminos conducen a Jerusalem ... y también a Roma : (Registro nro. 22634)

Detalles MARC
000 -CABECERA
campo de control de longitud fija 00821nam a2200217 a 4500
001 - NÚMERO DE CONTROL
campo de control 000023137
005 - FECHA Y HORA DE LA ÚLTIMA TRANSACCIÓN
campo de control 20200930022019.0
008 - DATOS DE LONGITUD FIJA--INFORMACIÓN GENERAL
campo de control de longitud fija 101126s1998 ag ab r 000 | spa d
020 ## - NÚMERO INTERNACIONAL ESTÁNDAR DEL LIBRO
Número Internacional Estándar del Libro 9500714078
040 ## - FUENTE DE LA CATALOGACIÓN
Centro catalogador/agencia de origen DO-SdBNP
Lengua de catalogación spa
Centro/agencia transcriptor BNPHU
082 ## - NÚMERO DE LA CLASIFICACIÓN DECIMAL DEWEY
Número de clasificación xxx
Número de documento/Ítem L182t
049 ## - FONDOS LOCALES (OCLC)
Fondos de biblioteca BNGR
100 1# - ENTRADA PRINCIPAL--NOMBRE DE PERSONA
Nombre de persona Laguna, Justo
9 (RLIN) 47640
245 10 - MENCIÓN DE TÍTULO
Título Todos los caminos conducen a Jerusalem ... y también a Roma :
Resto del título un obispo y un rabino latinoamericano peregrinan juntos por primera vez /
Mención de responsabilidad, etc. Justo Laguna; Mario Rojzman; edición a cargo de Patricia Narváez; coordinación de Diego Mileo.
260 ## - PUBLICACIÓN, DISTRIBUCIÓN, ETC.
Lugar de publicación, distribución, etc. Buenos Aires :
Nombre del editor, distribuidor, etc. Sudamericana,
Fecha de publicación, distribución, etc. 1998.
300 ## - DESCRIPCIÓN FÍSICA
Extensión 187 p. :
Otras características físicas il. , mapas ;
Dimensiones 22 cm.
500 ## - NOTA GENERAL
Nota general Incluye bibbliografía
700 1# - PUNTO DE ACCESO ADICIONAL--NOMBRE DE PERSONA
Nombre de persona Mario Rojzman
9 (RLIN) 47641
700 1# - PUNTO DE ACCESO ADICIONAL--NOMBRE DE PERSONA
Nombre de persona Narváez, Patricia
Término indicativo de función/relación ed.
9 (RLIN) 47642
700 1# - PUNTO DE ACCESO ADICIONAL--NOMBRE DE PERSONA
Nombre de persona Mileo, Diego
9 (RLIN) 47643
Existencias
Estado de retiro Estado de pérdida Restricciones de uso No para préstamo Código de colección Localización permanente Ubicación/localización actual Ubicación en estantería Fecha de adquisición Número de inventario Total de préstamos Signatura topográfica completa Código de barras Fecha visto por última vez Precio válido a partir de Tipo de ítem Koha
      Excluido de préstamo Monografías: Libros y Folletos General General En catalogación 26.11.2010 LF1   xxx L182t 23137-10 25.06.2020 25.06.2020 No se presta

Con tecnología Koha